000 01013nam a22003137a 4500
003 CHAP
005 20220817044522.0
008 120504s1994 it r 00010 spa d
010 _a103130
011 _a104102
035 _a114791
040 _cCHAP
090 _aFolleto 18196
110 2 _aFAO
245 1 0 _aCooperación de la FAO con la comisión de desarrollo sostenible (CDS) :
_bconsejo 107<U+00BA> período de sesiones
_c/por FAO
260 _aRoma :
_bFAO,
_c1994
300 _a3 p.
500 _aCL 103/13-Sup.1
590 _aBATCH-UPD
_b10
_c20130110
_lUCH01
_h1907
590 _aBATCH-UPD
_b10
_c20130410
_lUCH01
_h1234
590 _aBATCH-UPD
_b10
_c20130914
_lUCH01
_h1048
590 _aCONVERSION
_b10
_c20130109
_lUCH01
_h1357
650 1 4 _aCooperación agrícola internacional.
_927767
650 1 4 _aDesarrollo sustentable.
650 1 4 _aOrganismos Internacionales Agrícolas.
_983526
901 _aBK
942 _cFOLL
949 _aFolleto 18196
_bBC
_cFAO
_d33724002332603
_eFAO1
_i114791
_sb
999 _c103130
_d103130